Nuevos estudios sobre la poesía de Gonzalo Rojas

Saved in:
Bibliografiske detaljer
Hovedforfatter: Coddou, Marcelo (Author)
Format: Bog
Sprog:spansk
Udgivet: Santiago Sin Fronteras 1986
Fag:
Tags: Tilføj Tag
Ingen Tags, Vær først til at tagge denne postø!

MARC

LEADER 00000nam a2200000 a 4500
001 UCX3236
003 CL-VaPUC
008 911016e19860000CL |||||||||||||||||spa|d
082 0 4 |a Ch861.09  |b COD  |2 21 
100 0 |a Coddou, Marcelo  |e author  |9 319344 
245 1 0 |a Nuevos estudios sobre la poesía de Gonzalo Rojas 
300 |a 67 p 
942 |c BK 
945 |d 19911016 00:00:00 
260 |a Santiago  |b Sin Fronteras  |c 1986 
600 0 7 |a ROJAS, GONZALO  |2 CL-VaPUC  |9 319345 
650 0 |a Poesía chilena   |9 268403 
650 0 |a Historia y crítica   |9 257407 
650 0 |a Crítica e interpretación   |9 255042 
583 |a last modification  |c 19911016 00:00:00  |k Rodrigo Vera 
999 |c 224043  |d 224041 
952 |0 0  |1 0  |4 0  |6 CH_861_090000000000000_COD_1986  |7 0  |8 A  |9 220416  |a BIBEDU  |b BIBEDU  |d 2019-11-15  |i 2891263  |o Ch861.09 COD 1986  |p 2891263  |r 2019-11-15  |w 2019-11-15  |y BK  |k LIT